Fundamentals of differential equations / (Record no. 70885)

000 -LEADER
fixed length control field 00740pam a2200241 a 4500
001 - CONTROL NUMBER
control field 4800747
003 - CONTROL NUMBER IDENTIFIER
control field NUST - PNEC
005 - DATE AND TIME OF LATEST TRANSACTION
control field 20170116181149.0
008 - FIXED-LENGTH DATA ELEMENTS--GENERAL INFORMATION
fixed length control field 880830s1989 caua b 001 0 eng
020 ## - INTERNATIONAL STANDARD BOOK NUMBER
International Standard Book Number 0805302549
040 ## - CATALOGING SOURCE
Transcribing agency LIBRARY
050 00 - LIBRARY OF CONGRESS CALL NUMBER
Classification number QA371
Item number .N24 1989
082 00 - DEWEY DECIMAL CLASSIFICATION NUMBER
Classification number 515.35 NAG
Edition number 19
100 1# - MAIN ENTRY--PERSONAL NAME
Personal name Nagle, R. Kent.
245 10 - TITLE STATEMENT
Title Fundamentals of differential equations /
Statement of responsibility, etc. R. Kent Nagle, Edward B. Saff.
250 ## - EDITION STATEMENT
Edition statement 2nd ed.
260 ## - PUBLICATION, DISTRIBUTION, ETC.
Place of publication, distribution, etc. Redwood City, Calif. :
Name of publisher, distributor, etc. Benjamin/Cummings Pub. Co.,
Date of publication, distribution, etc. c1989.
300 ## - PHYSICAL DESCRIPTION
Extent xv, 682, [37] p. :
Other physical details ill. ;
Dimensions 24 cm.
504 ## - BIBLIOGRAPHY, ETC. NOTE
Bibliography, etc. note Includes bibliographical references and index.
650 #0 - SUBJECT ADDED ENTRY--TOPICAL TERM
Topical term or geographic name entry element Differential equations.
General subdivision General
700 1# - ADDED ENTRY--PERSONAL NAME
Personal name Saff, E. B.,
Dates associated with a name 1944-
942 ## - ADDED ENTRY ELEMENTS (KOHA)
Source of classification or shelving scheme
Koha item type Book
Holdings
Withdrawn status Lost status Source of classification or shelving scheme Damaged status Not for loan Permanent Location Current Location Shelving location Date acquired Total Checkouts Full call number Barcode Date last seen Price effective from Koha item type
          Pakistan Navy Engineering College (PNEC) Pakistan Navy Engineering College (PNEC)   10/28/2015   515.35 NAG PNECLIB-013684 10/28/2015   Book
© 2023 Central Library, National University of Sciences and Technology. All Rights Reserved.